The Holy Bible, containing the Old and New Testaments, the text carefully printed from the most correct copies of the present authorized translation, including the marginal readings and parallel texts : (Record no. 6995)
[ view plain ]
| 000 -LEADER | |
|---|---|
| fixed length control field | 01511cam a2200325 i 4500 |
| 001 - CONTROL NUMBER | |
| control field | 4142210 |
| 003 - CONTROL NUMBER IDENTIFIER | |
| control field | GBCCL |
| 005 - DATE AND TIME OF LATEST TRANSACTION | |
| control field | 20241126110617.0 |
| 008 - FIXED-LENGTH DATA ELEMENTS--GENERAL INFORMATION | |
| fixed length control field | 770811r19771810tnu 000 0 eng |
| 010 ## - | |
| -- | 77151643 |
| 020 ## - INTERNATIONAL STANDARD BOOK NUMBER | |
| International Standard Book Number | 0687091195 (v. 12) : |
| Terms of availability | $19.50 per vol. |
| 040 ## - CATALOGING SOURCE | |
| Original cataloging agency | DLC |
| Transcribing agency | DLC |
| Modifying agency | DLC |
| 050 00 - | |
| -- | BS185 1977 |
| -- | .N37 |
| 082 00 - DEWEY DECIMAL CLASSIFICATION NUMBER | |
| Classification number | 220.77 |
| Item number | CLA |
| 130 0# - | |
| -- | Bible. |
| -- | English. |
| -- | Authorized. |
| -- | 1977. |
| -- | 12441 |
| 245 04 - TITLE STATEMENT | |
| Title | The Holy Bible, containing the Old and New Testaments, the text carefully printed from the most correct copies of the present authorized translation, including the marginal readings and parallel texts : |
| Remainder of title | with a commentary and critical notes designed as a help to a better understanding of the sacred writings / |
| Statement of responsibility, etc. | by Adam Clarke. |
| 250 ## - EDITION STATEMENT | |
| Edition statement | New ed., with the author's final corrections. |
| 260 ## - PUBLICATION, DISTRIBUTION, ETC. | |
| Place of publication, distribution, etc. | Nashville : |
| Name of publisher, distributor, etc. | Abingdon, |
| Date of publication, distribution, etc. | [1977] |
| 300 ## - PHYSICAL DESCRIPTION | |
| Extent | 6 v. in 3 ; |
| Dimensions | 27 cm. |
| 500 ## - GENERAL NOTE | |
| General note | On spine: Clarke's commentary. |
| 500 ## - GENERAL NOTE | |
| General note | Vol. 5-6 has title: The New Testament of our Lord and Saviour Jesus Christ. |
| 500 ## - GENERAL NOTE | |
| General note | A reprint of the 6 v. ed. of 1851, which was originally published as an 8 v. ed., 1810-1825, by Butterworth, London. |
| 505 ## - FORMATTED CONTENTS NOTE | |
| Formatted contents note | V. 1. Genesis-Esther --<br/>v. 2. Job-Malachi --<br/>v. 3. Matthew-Revelation. |
| 630 00 - SUBJECT ADDED ENTRY--UNIFORM TITLE | |
| Uniform title | Bible |
| General subdivision | Commentaries. |
| 9 (RLIN) | 1243 |
| 700 1# - ADDED ENTRY--PERSONAL NAME | |
| Personal name | Clarke, Adam, |
| Dates associated with a name | approximately 1762-1832. |
| 9 (RLIN) | 12442 |
| 740 0# - | |
| -- | Holy Bible ... |
| 740 ## - | |
| -- | Clarke's commentary. |
| 906 ## - LOCAL DATA ELEMENT F, LDF (RLIN) | |
| a | 7 |
| b | cbc |
| c | orignew |
| d | 2 |
| e | ncip |
| f | 19 |
| g | y-gencatlg |
| 942 ## - ADDED ENTRY ELEMENTS (KOHA) | |
| Source of classification or shelving scheme | Dewey Decimal Classification |
| Koha item type | Reference Books |
| Withdrawn status | Lost status | Source of classification or shelving scheme | Damaged status | Not for loan | Home library | Current Library | Shelving location | Date acquired | Total checkouts | Full call number | Barcode | Date last seen | Copy number | Price effective from | Koha item type |
|---|---|---|---|---|---|---|---|---|---|---|---|---|---|---|---|
| Dewey Decimal Classification | GRACE BIBLE COLLEGE | GRACE BIBLE COLLEGE | Commentary | 2018-07-05 | 220.77 CLA | 004076 | 2025-05-01 | v.1-2 | 2018-07-05 | Reference Books | |||||
| Dewey Decimal Classification | GRACE BIBLE COLLEGE | GRACE BIBLE COLLEGE | Commentary | 2018-07-05 | 220.77 CLA | 004077 | 2025-05-01 | v.3-4 | 2018-07-05 | Reference Books | |||||
| Dewey Decimal Classification | GRACE BIBLE COLLEGE | GRACE BIBLE COLLEGE | Commentary | 2018-07-05 | 220.77 CLA | 004485 | 2025-05-01 | v.5-6 | 2018-07-05 | Reference Books |